Представление документа в формате RUSMARC

ПолеНазваниеЗначение
  Тип записи i
  Библиографический уровень m
001 Контрольный номер RU/IS/BASE/443638645
005 Дата корректировки 20240410112242.2
010 Индекс ISBN __
a ISBN 5-9677-0289-Х
d Цена 184-67
101 Язык документа 0_
a Язык текста rus
200 Заглавие и сведения об ответственности 1_
a Заглавие Невский проспект
e Сведения, относящиеся к заглавию аудиоэкскурсия : длина маршрута 2,5 км : [бонус - карта : аудиокнига]
f Первые сведения об ответственности [текст, фот.: С. Баричев ; диктор: А. Россошанский ; дизайн: Д. Ляхов, П. Харкевич, Е. Петушков ; программирование: А. Омельченко ; запись фоногр.: "Мануфактура звука"]
b Общее обозначение материала Звукозапись
210 Выходные данные __
a Место издания Москва
c Издательство 1С-Паблишинг
d Дата издания 2011
215 Физическое описание __
a Объем 1 электрон. оптич. диск (Audio CD) (4 ч.)
d Формат 12
e Сопроводительные материалы 1 л. карта-схема
225 Серия __
a Серия Аудиоэкскурсия
300 Общие примечания __
a Общие примечания MS Windows ; Pentium 100 ; SVGA 800х600 ; звуковая карта ; колонки или наушники ; мышь ; аудиосистемы с поддержкой MP3 ; AudioCD ; MPEG-I Layer-3 (MP3), 192 Kbps, 16 bit, 44.1 kHz, stereo
323 Примечание о главных создателях, исполнителях, участниках __
a Примечание о главных создателях, исполнителях, участниках Россошанский, А. (диктор)
330 Аннотация __
a Аннотация Аудиоэкскурсия по Невскому проспекту рассказывает как о главных, так и о редко упоминаемых достопримечательностях главной улицы Санкт-Петербурга. В их числе: Казанский собор, Аничков мост, Адмиралтейство, Гостиный двор, Дом Чичерина, Универмаг «ДЛТ» и многие другие. Помимо точной исторической информации, экскурсия включает питерские легенды и байки, а также ряд малоизвестных фактов о Петербурге.
333 Примечание о целевом назначении __
a Примечание о целевом назначении 0+
601 Наименование организации как предмет __
a Наименование организации как предмет Гостиница "Европейская"
601 Наименование организации как предмет __
a Наименование организации как предмет Европейская, гостиница
605 Заглавие как предмет __
a Заглавие Аничков мост
605 Заглавие как предмет __
a Заглавие Аничков дворец
605 Заглавие как предмет __
a Заглавие Екатерининский сквер
605 Заглавие как предмет __
a Заглавие Гостиный двор
605 Заглавие как предмет __
a Заглавие Канал Грибоедова
605 Заглавие как предмет __
a Заглавие Казанский собор
605 Заглавие как предмет __
a Заглавие Большая Конюшенная
605 Заглавие как предмет __
a Заглавие Зеленый мост
606 Тематические рубрики __
a Основная рубрика История
606 Тематические рубрики __
a Основная рубрика История России в целом
y Географическая подрубрика Россия; СССР; Санкт-Петербург; Площадь Восстания; Большая Морская, улица; Малая морская, улица
606 Тематические рубрики __
a Основная рубрика Изобразительное искусство и архитектура
y Географическая подрубрика Россия; СССР; Санкт-Петербург; Площадь Восстания; Большая Морская, улица; Малая морская, улица
606 Тематические рубрики __
a Основная рубрика История архитектуры
610 Ключевые слова __
a Ключевые слова памятники архитектуры; архитектурные стили; достопримечательности; история городов; города; экскурсии; виртуальные экскурсии; аудиоэкскурсии; памятники; парковая архитектура; архитектурные памятники
686 Индексы других классификаций __
a Классификационный индекс 63.3(2-2Санкт-Петербург)я04
686 Индексы других классификаций __
a Классификационный индекс 85.113(2-2Санкт-Петербург)я04; ст63.3(2-2Санкт-Петербург)я0 + ст85.113(2-2Санкт-Петербург)я0
702 Вторичная интеллектуальная ответственность _1
a Фамилия Баричев
b Имя С.
4 Код отношения Автор текста
4 Код отношения 070
4 Код отношения 600
702 Вторичная интеллектуальная ответственность _1
a Фамилия Омельченко
b Имя А.
4 Код отношения Программирование
4 Код отношения 570
702 Вторичная интеллектуальная ответственность _1
a Фамилия Ляхов
b Имя Д.
4 Код отношения Дизайн
4 Код отношения 570
702 Вторичная интеллектуальная ответственность _1
a Фамилия Харкевич
b Имя П.
4 Код отношения Дизайн
4 Код отношения 570
702 Вторичная интеллектуальная ответственность _1
a Фамилия Петушков
b Имя Е.
4 Код отношения Дизайн
4 Код отношения 570
801 Источник записи _0
a Страна RU
b Организация Муниципальное бюджетное учреждение культуры "Централизованная библиотечная система" г. Сургут (Центральная городская библиотека им. А. С. Пушкина)
g Правила каталогизации КиК/Лукашук
801 Источник записи _1
a Страна RU
b Организация Муниципальное бюджетное учреждение культуры "Централизованная библиотечная система" г. Сургут (Центральная городская библиотека им. А. С. Пушкина)
g Правила каталогизации КиК/Лукашук
852 Данные о местонахождении __
j Шифр хранения 63.3(2-2Санкт-Петербург)я04
i Авторский знак Н 40
901 Тип документа __
t Тип документа 0
903 Характеристики (МАРС) __
a Дата передачи 20140121
969 Тип издания __
a Тип издания аудиокнига; издание для слепых
990 Данные о заказе (DOS) __
j Количество экземпляров (DOS) 4
t N записи в КСУ для И/У (DOS) 201401